000 00821nam a2200193 a 4500
005 20160316084641.0
008 160316b gh d fr|||| 001 0 spa d
040 _aCO-BoIAVH
_cCO-BoIAVH
041 1 _aspa
082 0 4 _a333.7513
_bD44e
245 1 0 _aDesarrollo y ejecución de un programa educativo para informar a los distribuidores de productos de maderas sobre las ventajas de utilizar maderas tropicales producidas por los países miembros
260 _a[s. l.] :
_bOIMT,
_c[1996?].
300 _a16 páginas :
_btablas ;
_c30 x 21 centímetros
650 6 _aProductos forestales
_vproyectos
650 4 _aMadera tropical
650 6 _aIndustria forestal
_xcomercio de productos forestales
_vproyectos
710 2 _aOrganización Internacional de Maderas Tropicales
942 _cFolleto
_2ddc
999 _c1398
_d1398